Acordes y pinceles : (Record no. 161528)

MARC details
000 -LEADER
fixed length control field 00806nam a22002057a 4500
005 - DATE AND TIME OF LATEST TRANSACTION
control field 20220404134001.0
008 - FIXED-LENGTH DATA ELEMENTS--GENERAL INFORMATION
fixed length control field 220404b ||||| |||| 00| 0 eng d
020 ## - INTERNATIONAL STANDARD BOOK NUMBER
International Standard Book Number 9786078028153
050 04 - LIBRARY OF CONGRESS CALL NUMBER
Classification number ND1158.M87
Item number A26 2011
245 00 - TITLE STATEMENT
Title Acordes y pinceles :
Remainder of title horizontales actuales de la música y la pintura /
Statement of responsibility, etc Laura Gemma Flores García, Alejandro Augusto Barrañón Cedillo, coordinadores
250 ## - EDITION STATEMENT
Edition statement Primera edición
260 ## - PUBLICATION, DISTRIBUTION, ETC. (IMPRINT)
Place of publication, distribution, etc Zacatecas :
Name of publisher, distributor, etc Texere Editores,
Date of publication, distribution, etc 2011
300 ## - PHYSICAL DESCRIPTION
Extent 121 páginas ;
Dimensions 21 cm
650 #7 - SUBJECT ADDED ENTRY--TOPICAL TERM
Source of heading or term lemb
Topical term or geographic name as entry element Arte y música
General subdivision Partituras
650 #7 - SUBJECT ADDED ENTRY--TOPICAL TERM
Source of heading or term lemb
Topical term or geographic name as entry element Música
Geographic subdivision México
General subdivision Historia y crítica
650 #7 - SUBJECT ADDED ENTRY--TOPICAL TERM
Source of heading or term lemb
Topical term or geographic name as entry element Pintura
Geographic subdivision México
General subdivision Historia
700 1# - ADDED ENTRY--PERSONAL NAME
Personal name Flores García, Laura Gemma,
Relator term editor
700 1# - ADDED ENTRY--PERSONAL NAME
Personal name Barrañón Cedillo, Alejandro Augusto,
Relator term editor
942 ## - ADDED ENTRY ELEMENTS (KOHA)
Source of classification or shelving scheme Biblioteca del Cogreso de los Estados Unidos
Koha item type Libro
Holdings
Estado de pérdida Fuente de clasificación Estado del daño No para préstamo Ubicación permanente Ubicación actual Apartado o colección Fecha de adquisición Fuente de adquisición Edición Dependencia de educación superior (DES) Área del conocimiento Total Checkouts Clasificación Código de Barras Date last seen Número de copia Costo por reposición Tipo de recurso
  Biblioteca del Cogreso de los Estados Unidos     Biblioteca del Instituto de Investigaciones Históricas Biblioteca del Instituto de Investigaciones Históricas General 04/04/2022 Donación 1a ed. Humanidades Educación y Humanidades   ND1158.M87 A26 2011 IIH000032730 04/04/2022 C:1 1.00 Libro